|
|
|
|
| LEADER |
01180naa a2200277 i 4500 |
| 001 |
acta76344 |
| 005 |
20221108134829.0 |
| 008 |
220715s2022 hu o 1|| eng d |
| 020 |
|
|
|a 2978-963-306-860-1
|
| 040 |
|
|
|a SZTE Egyetemi Kiadványok Repozitórium
|b hun
|
| 041 |
|
|
|a eng
|
| 100 |
1 |
|
|a Pirvulescu Luminita
|
| 245 |
1 |
0 |
|a Study of the economic efficiency of food quality
|h [elektronikus dokumentum] /
|c Pirvulescu Luminita
|
| 260 |
|
|
|a University of Szeged Faculty of Agriculture
|b Hódmezővásárhely
|c 2022
|
| 300 |
|
|
|a 106
|
| 490 |
0 |
|
|a Wellmann International Scientific Conference
|
| 650 |
|
4 |
|a Műszaki és technológiai tudományok
|
| 650 |
|
4 |
|a Egyéb műszaki tudományok és technológiák
|
| 650 |
|
4 |
|a Társadalomtudományok
|
| 650 |
|
4 |
|a Közgazdasági és gazdálkodástudományok
|
| 695 |
|
|
|a Élelmiszergazdaság - minőségszabályozás - előadáskivonat
|
| 700 |
0 |
1 |
|a Adamov Tabita
|e aut
|
| 700 |
0 |
1 |
|a Salasan Cosmin
|e aut
|
| 700 |
0 |
1 |
|a Sirbulescu Claudia
|e aut
|
| 710 |
|
|
|a Wellmann International Scientific Conference (19.) (2022) (Hódmezővásárhely)
|
| 856 |
4 |
0 |
|u http://acta.bibl.u-szeged.hu/76344/1/wellmann_abstracts_2022_106.pdf
|z Dokumentum-elérés
|